Vernostné programy
Vernostné programy v hotelových sieťach. Vernostné programy ako súčasť balíka služieb. Problematika hotelových vernostných programov na Slovensku. Marketingové združenie hotelov z rôznych kútov Slovenska - Trinity Alliance. Vernostný program Klub Sorea. Vernostný program Crown Plaza Bratislava. Prvý...
Guardado en:
| Autor principal: | |
|---|---|
| Otros Autores: | |
| Formato: | Capítulo de libro |
| Lenguaje: | eslovaco |
| Materias: | |
| Etiquetas: |
Sin Etiquetas, Sea el primero en etiquetar este registro!
|
MARC
| LEADER | 00000naa$a2200000$$$4500 | ||
|---|---|---|---|
| 001 | 0111574 | ||
| 005 | 20230607114036.4 | ||
| 041 | 0 | |a slo | |
| 044 | |a SK | ||
| 245 | 1 | 0 | |a Vernostné programy |c Zlatica Kramárová, Richard Mištík |
| 520 | |a Vernostné programy v hotelových sieťach. Vernostné programy ako súčasť balíka služieb. Problematika hotelových vernostných programov na Slovensku. Marketingové združenie hotelov z rôznych kútov Slovenska - Trinity Alliance. Vernostný program Klub Sorea. Vernostný program Crown Plaza Bratislava. Prvý hotelový vernostný program - v USA v r. 1983. | ||
| 610 | 2 | 0 | |a hotelierstvo |
| 610 | 2 | 0 | |a hotely |
| 610 | 2 | 0 | |a ubytovanie |
| 610 | 2 | 0 | |a zariadenia ubytovacie |
| 610 | 2 | 0 | |a zákazníci |
| 610 | 2 | 0 | |a služby |
| 100 | 1 | |a Kramárová, Zlatica | |
| 700 | 1 | |a Mištík, Richard | |